[Event "45. Sparkassen Chess-Meeting"]
[Site "Dortmund"]
[Date "2017.07.18"]
[Round "3"]
[White "Fedoseev, Vladimir"]
[Black "Andreikin, Dmitry"]
[Result "1/2-1/2"]
[WhiteElo "2726"]
[BlackElo "2712"]
[Annotator "TA"]
[PlyCount "73"]
[EventDate "2017.??.??"]
[EventType "tourn"]
[EventCountry "GER"]
[SourceTitle "playchess.com"]
[Source "ChessBase"]
[SourceQuality "1"]

{[%evp 13,73,12,8,0,10,10,10,0,0,0,9,9,9,18,47,30,51,25,19,0,0,0,0,0,0,0,0,0,0,0,0,0,0,0,0,0,0,0,0,0,0,0,0,0,0,0,0,0,0,0,0,0,0,0,0,0,0,0,0,0,0,0]} 1. e4 e6 2. d4 d5 3. Nc3 Bb4 4. e5 c5 5. a3 Bxc3+ 6. bxc3 Qa5 7. Bd2 Qa4 8. Rb1 {[#] And now Bb5+ would win. C18: French: 3 Nc3 Bb4: Main line: 7 h4 and 7 Qg4} (8. Qg4 $5 {[%cal Rg4g7]} Kf8 9. Nf3 $14) (8. Qg4 Kf8 9. Nf3 b6 10. c4 Ne7 11. Bd3 dxc4 12. dxc5 bxc5 13. Ng5 h6 14. Nh7+ Rxh7 15. Bxh7 Bb7 16. O-O Nbc6 {1-0 (29) Caruana,F (2817)-Naroditsky,D (2646) Saint Louis 2017}) 8... c4 9. Qc1 Nc6 10. Nh3 {[%cal Bg1h3,Bh3f2,Bf2d1,Bd1b2][%mdl 32]} f6 11. f4 f5 $146 ({Predecessor:} 11... Nh6 12. exf6 gxf6 13. Be2 Nf5 14. O-O h5 15. Nf2 b6 {½-½ (40) Gorin,A (1884)-Edwards,K (1935) LSS email 2011}) 12. Be2 b6 13. Bh5+ g6 14. Bf3 Bd7 15. Nf2 O-O-O 16. h4 {The position is equal.} h5 17. Nd1 Nh6 18. Ra1 Be8 19. Nb2 Qa6 20. a4 Qb7 21. Nd1 Ng4 22. Qb1 a5 23. Nf2 Nxf2 24. Kxf2 Na7 25. Ke3 Kb8 26. Qe1 Nc8 27. Qg3 Qe7 28. Rhb1 Rd7 29. Rb2 Rb7 30. Rba2 Rh7 31. Bc1 Qd8 32. Kf2 Rhg7 33. Kg1 Bc6 34. Kh2 Bd7 35. Kg1 Bc6 36. Kh2 Bd7 37. Kg1 {Precision: White = 73%, Black = 85%.} 1/2-1/2

[Event "45. Sparkassen Chess-Meeting"]
[Site "Dortmund"]
[Date "2017.07.18"]
[Round "3"]
[White "Wang, Yue"]
[Black "Nisipeanu, Liviu-Dieter"]
[Result "1/2-1/2"]
[WhiteElo "2699"]
[BlackElo "2683"]
[Annotator "TA"]
[PlyCount "71"]
[EventDate "2017.??.??"]
[EventType "tourn"]
[EventCountry "GER"]
[SourceTitle "playchess.com"]
[Source "ChessBase"]
[SourceQuality "1"]

{[%evp 24,71,31,31,30,30,24,27,35,21,27,24,20,23,33,29,22,25,26,11,8,0,10,10,10,10,10,8,14,2,2,2,2,8,0,8,18,18,18,8,8,8,8,8,8,8,8,0,0,0]} 1. d4 Nf6 2. c4 e6 3. Nf3 d5 4. Nc3 Be7 5. Bg5 {[%cal Bc1g5,Bg5h4,Bh4g3,Bg3e5][%mdl 32]} h6 6. Bh4 O-O 7. e3 Nbd7 8. Rc1 c5 {D63: Queen's Gambit Declined: Classical: 7 Rc1} 9. dxc5 Nxc5 10. cxd5 g5 11. Bg3 Nxd5 12. Nxd5 Qxd5 13. Qxd5 {LiveBook: 5 Games} exd5 14. Be2 Bd7 15. O-O Rac8 16. Be5 {[#]} g4 $146 17. Nd4 f6 18. Bg3 h5 19. f3 f5 20. Rfd1 a6 21. Bf4 Rfe8 {The position is equal.} 22. Rd2 Bf6 23. Bd1 Ne6 24. Rxc8 Rxc8 25. Ne2 Bb5 26. Rxd5 (26. a4 {looks sharper.} Bxe2 27. Bxe2 Nxf4 28. exf4 Kf7 29. Rxd5 Rc2 30. Bd3) 26... gxf3 27. gxf3 {Threatening Bb3.} Bxe2 28. Bxe2 Nxf4 29. exf4 Bxb2 $11 {[%mdl 4096] Endgame KRB-KRB} 30. Bd3 Rc5 31. Rd8+ Kg7 32. Rd7+ Kf6 33. Rxb7 Bd4+ 34. Kg2 Rc3 35. Rb3 Rxb3 36. axb3 {Precision: White = 65%, Black = 86%.} 1/2-1/2

[Event "45. Sparkassen Chess-Meeting"]
[Site "Dortmund"]
[Date "2017.07.19"]
[Round "4"]
[White "Vachier-Lagrave, Maxime"]
[Black "Wang, Yue"]
[Result "1/2-1/2"]
[WhiteElo "2791"]
[BlackElo "2699"]
[Annotator "TA"]
[PlyCount "92"]
[EventDate "2017.??.??"]
[EventType "tourn"]
[EventCountry "GER"]
[SourceTitle "playchess.com"]
[Source "ChessBase"]
[SourceQuality "1"]

{[%evp 10,92,47,38,37,39,39,19,31,3,0,6,9,8,14,0,0,0,-3,0,0,0,-13,-12,0,0,-13,-6,-6,-10,2,0,-7,-16,-18,-27,-16,-28,-6,-14,-15,0,0,0,0,0,0,0,0,0,0,0,0,-7,0,0,0,-19,0,0,0,0,0,0,0,0,0,0,0,0,0,0,0,0,0,0,0,0,0,0,0,0,0,0,0]} 1. e4 e5 2. Nf3 Nf6 3. Nxe5 d6 4. Nf3 Nxe4 5. d4 d5 6. Bd3 Bf5 {C42: Petroff Defence: 3 Nxe5 and unusual White 3rd moves} (6... Bd6 7. O-O O-O 8. c4 c6 9. Re1 Bf5 10. Qb3 Qd7 11. Nc3 Nxc3 12. Bxf5 Qxf5 13. Qxb7 Ne4 14. Qxa8 Qd7 15. cxd5 Nf6 16. Re3 Nxd5 17. Rb3 Nb4 18. Rxb4 Bxb4 {½-½ (73) Karjakin,S (2781)-Caruana,F (2808) Stavanger 2017}) 7. O-O Be7 8. Ne5 Nd7 9. Qf3 Nxe5 10. dxe5 Bg6 $146 ({Predecessor:} 10... Qd7 11. Nc3 Bg4 12. e6 Bxe6 13. Nxe4 dxe4 14. Bxe4 c6 15. Rd1 {1-0 (40) Sutovsky,E (2609)-Perez Garcia,R (2478) Istanbul 2000}) 11. c4 c6 12. cxd5 Qxd5 13. Nd2 {[%cal Rd3e4]} Nc3 14. Bxg6 Qxf3 15. Nxf3 Ne2+ 16. Kh1 {[#] And now Bc2 would win.} fxg6 17. Be3 {Rfe1 is the strong threat.} Rf8 $1 18. Nd2 Nf4 19. Ne4 $1 Rf5 20. Rad1 (20. Bxf4 $5 Rxf4 21. Rae1 $11) 20... g5 21. Bd4 Ne6 22. Bc3 Rd8 (22... Nc5 $5 {[%cal Rc5e4]} 23. Ng3 Rf8 $14) 23. f3 Rxd1 (23... Rd5 {looks sharper.} 24. Kg1 h6 25. a3 Rf8 26. Kh1 Kf7) 24. Rxd1 {The position is equal.} Nc5 25. Ng3 Rf4 26. b3 Ne6 27. h3 Rf7 28. Ne4 Bf8 29. Kg1 Rd7 30. Rxd7 Kxd7 $11 {[%mdl 4096] Endgame KBN-KBN} 31. Kf2 c5 32. Ke3 Kc6 33. a4 Be7 34. g3 $1 Kd5 35. f4 gxf4+ 36. gxf4 g6 37. Bb2 Nc7 38. Nc3+ Ke6 39. Ke4 Bh4 40. Ne2 a6 41. a5 Nd5 42. Nc3 Nxc3+ 43. Bxc3 Bd8 44. Be1 Bc7 45. Bc3 Bd8 46. Be1 Bc7 {Precision: White = 79%, Black = 75%.} 1/2-1/2

[Event "45. Sparkassen Chess-Meeting"]
[Site "Dortmund"]
[Date "2017.07.19"]
[Round "4"]
[White "Wojtaszek, Radoslaw"]
[Black "Fedoseev, Vladimir"]
[Result "1/2-1/2"]
[WhiteElo "2736"]
[BlackElo "2726"]
[Annotator "TA"]
[PlyCount "204"]
[EventDate "2017.??.??"]
[EventType "tourn"]
[EventCountry "GER"]
[SourceTitle "playchess.com"]
[Source "ChessBase"]
[SourceQuality "1"]

{[%evp 9,204,26,33,20,23,17,66,41,41,41,42,41,27,33,71,20,22,36,40,8,62,62,67,53,62,60,56,36,54,30,30,34,33,21,36,37,31,35,21,34,35,35,33,36,45,44,56,51,51,45,45,45,46,36,75,63,64,64,59,62,47,50,46,45,41,43,41,25,38,38,77,71,73,68,85,85,79,8,308,59,61,59,65,64,66,66,66,65,68,68,70,67,68,68,67,26,26,26,25,22,22,22,22,22,43,43,43,8,8,8,42,42,42,42,43,43,43,43,43,43,43,8,8,8,8,8,11,14,52,52,52,52,53,52,53,53,53,53,53,53,53,53,53,53,53,53,53,53,53,8,8,8,8,8,8,8,8,8,8,8,8,0,0,0,0,0,0,0,7,0,0,0,0,0,0,0,0,0,0,0,0,0,0,0,0,0,0,0,0,0,0,0,8,0,0,0,0]} 1. d4 d5 2. c4 c6 3. Nf3 Nf6 4. e3 Bf5 5. Nc3 a6 6. Be2 {D15: Slav Defence: 4 Nc3 a6 and gambit lines after 4 Nc3 dxc4} h6 7. Qb3 b5 $146 ({Predecessor:} 7... Ra7 8. cxd5 cxd5 9. Ne5 e6 10. Bd2 Be7 11. O-O O-O 12. Rfc1 Nfd7 13. Nxd7 Qxd7 {½-½ (30) Aronian,L (2780)-Carlsen,M (2840) Wijk aan Zee 2017}) 8. cxd5 {White is slightly better.} cxd5 9. a4 b4 $1 {[%cal Rb4c3]} 10. Qxb4 {Hoping for Qb7.} Nc6 $1 {[%cal Rc6b4]} 11. Qb3 e6 {[#]} 12. O-O (12. a5 $1 $16) 12... Bd6 $11 13. a5 O-O 14. Bd2 Nxa5 (14... Rb8 $11 15. Qa4 Nb4) 15. Qa4 $14 Nc4 16. Bxc4 dxc4 17. Qxc4 Qb6 18. Na4 Qb7 19. Rfc1 Rfc8 20. Nc5 Qxb2 21. Rxa6 Qb8 22. Rxa8 Qxa8 23. Qa6 Qxa6 24. Nxa6 Ra8 25. Nc5 g5 26. h3 Rb8 27. Be1 Nd5 28. Nd2 Rb5 29. e4 Nf4 30. Kf1 Bg6 31. f3 e5 32. Bf2 exd4 33. Bxd4 {And now Nd7 would win.} f5 34. Nd7 {Strongly threatening g3.} Kf7 35. Nc4 Ke6 $1 {[%cal Re6d7]} 36. Nxd6 Kxd6 37. Nf6 fxe4 38. fxe4 Ne6 39. Bc3 Nc5 {[#]} 40. e5+ $1 Ke6 41. Bd4 Nd3 $1 {[%cal Rd3c1]} 42. Rc6+ Kf5 43. e6 (43. Rd6 $16) 43... Kf4 $2 {[%mdl 8192]} (43... Re5 $1 $11 {and Black is okay.} 44. g3 (44. Bxe5 Nxe5 45. e7 Nxc6 $11) 44... Kxf6) 44. Ke2 $2 ({White should try} 44. e7 $18 Rb1+ 45. Ke2 Nc1+ 46. Ke1) 44... Kg3 45. e7 Nf4+ 46. Kd2 Kxg2 47. Ng4 Rb8 48. Be5 Be8 49. Rxh6 Rb7 50. Bd6 Ng6 51. Nf6 Nxe7 52. Rh7 (52. Nxe8 $5 {[%cal Rh6h7]} Nf5 53. Rg6 Nxd6 54. Nxd6 $14) 52... Rb2+ 53. Kc3 Rc2+ 54. Kb3 Nc8 55. Nxe8 Re2 56. Rh8 {aiming for Bc5.} Re3+ 57. Kc2 Rxh3 58. Rg8 {Bc5 is the strong threat.} Nxd6 59. Nxd6 $11 {[%mdl 4096] Endgame KRN-KR} Rh5 (59... g4 $5) 60. Ne4 g4 61. Nf6 Rf5 62. Nxg4 Kf3 63. Kd3 Rd5+ 64. Kc4 Rf5 65. Nh2+ (65. Nh6 $5 {[%cal Rh6f5]} Rf6 66. Rh8 $11) 65... Ke4 66. Rg1 Ke5 67. Ng4+ Kd6 68. Ne3 Rf4+ 69. Kd3 Ke6 70. Rg6+ Rf6 71. Rg5 Rf4 72. Ra5 Rh4 73. Nf5 Rh1 74. Ke4 Re1+ 75. Ne3 Kd6 76. Kd4 Kc6 77. Rc5+ Kd6 78. Re5 {White wants to mate with Nf5+.} Kc6 79. Re6+ Kb5 $1 {The position is equal.} 80. Rh6 Rc1 81. Rh8 Rc6 82. Rh5+ Kb4 83. Nd5+ Kb3 84. Rh3+ Kb2 85. Nb4 Rc8 86. Nd3+ Kc2 87. Rh2+ Kd1 88. Nc5 (88. Rh1+ {is interesting.} Ke2 89. Rc1 Rd8+ 90. Kc4 Rxd3 91. Rc2+) 88... Rd8+ 89. Ke3 Re8+ 90. Ne4 Kc1 91. Rg2 Rc8 92. Kd3 Rd8+ 93. Kc4 Kd1 94. Nc5 (94. Nd2 $5) 94... Ke1 95. Nb3 Kf1 96. Ra2 Rh8 97. Nd4 Rc8+ 98. Kd3 Rd8 99. Ke3 Re8+ 100. Kf4 Ke1 101. Re2+ Rxe2 102. Nxe2 Kxe2 {Precision: White = 66%, Black = 73%.} 1/2-1/2

[Event "45. Sparkassen Chess-Meeting"]
[Site "Dortmund"]
[Date "2017.07.19"]
[Round "4"]
[White "Nisipeanu, Liviu-Dieter"]
[Black "Kramnik, Vladimir"]
[Result "1/2-1/2"]
[WhiteElo "2683"]
[BlackElo "2812"]
[Annotator "TA"]
[PlyCount "72"]
[EventDate "2017.??.??"]
[EventType "tourn"]
[EventCountry "GER"]
[SourceTitle "playchess.com"]
[Source "ChessBase"]
[SourceQuality "1"]

{[%evp 13,72,0,0,0,0,0,0,0,0,-5,0,0,1,0,0,13,29,29,41,39,80,27,28,24,14,30,27,0,0,0,0,0,0,-30,-33,-57,-57,-57,-57,-60,-54,-47,-49,-51,-14,-14,-14,-14,0,-8,0,0,0,0,0,0,0,0,0,0,0]} 1. d4 Nf6 2. c4 e6 3. Nc3 Bb4 4. Qc2 O-O 5. e4 d5 6. e5 Ne4 7. Bd3 c5 $1 {[%cal Rc5d4]} 8. Nf3 {E32: Nimzo-Indian: Classical (4 Qc2): 4...0-0} cxd4 9. Nxd4 Nd7 10. Bf4 Qh4 11. g3 Qh5 12. O-O g5 {[%cal Bg7g5,Bg5f4][%mdl 32]} 13. cxd5 gxf4 14. dxe6 Bxc3 15. bxc3 Nxe5 {And now ...Ng5 would win.} 16. Bxe4 Bxe6 {[#]} 17. Rfb1 $146 (17. gxf4 Ng4 $11) (17. Rfe1 $16) 17... Rae8 $11 18. gxf4 (18. Rxb7 $6 Bc4 $16) 18... Qg4+ $1 19. Kh1 Qxf4 20. Nxe6 Rxe6 21. Rb4 Kh8 {( -> ...Nf3)} 22. Bd5 Qf6 23. f4 (23. Rxb7 $2 Ng4 $19) (23. Qe4 $5 {[%cal Rd5e6]} Qxf2 24. Bxe6 $11 (24. Rxb7 Rg8 $19)) 23... Ng4 {aiming for ...Rg8.} 24. Bxe6 (24. Bxb7 $2 Qh4 $19) (24. Rxb7 Qxf4 25. Rb4 (25. Bxe6 $2 Ne3 $19) 25... Nf2+ 26. Kg1 Rg8+ 27. Bg2 {[#]} Rxg2+ $1 {[%mdl 512]} 28. Kxg2 Qg5+ 29. Kxf2 Rf6+ 30. Ke2 Qg2+ 31. Kd3 Rf3+ 32. Ke4 Rf2+ 33. Kd3 Rxc2 $19) 24... Qxe6 25. Qg2 ({But not} 25. Rxb7 $2 Ne3 $19) 25... Rg8 $1 26. Rb2 Nf2+ $1 27. Rxf2 Rxg2 28. Rxg2 $15 {[%mdl 4096] Endgame KQ-KRR} Qc6 29. Re1 {The position is equal.} h6 30. Re3 b5 {[%cal Bb7b5,Bb5b4][%mdl 32]} 31. h3 {[#]} b4 $1 {[%mdl 512]} 32. Reg3 (32. cxb4 Qc1+) 32... bxc3 33. Rg8+ Kh7 {Hoping for ...Qf6.} 34. R8g7+ Kh8 35. Rg8+ Kh7 {Strongly threatening ...Qf6.} 36. R8g7+ Kh8 {Precision: White = 69%, Black = 73%.} 1/2-1/2

[Event "45. Sparkassen Chess-Meeting"]
[Site "Dortmund"]
[Date "2017.07.19"]
[Round "4"]
[White "Bluebaum, Matthias"]
[Black "Andreikin, Dmitry"]
[Result "1/2-1/2"]
[WhiteElo "2642"]
[BlackElo "2712"]
[Annotator "TA"]
[PlyCount "241"]
[EventDate "2017.??.??"]
[EventType "tourn"]
[EventCountry "GER"]
[SourceTitle "playchess.com"]
[Source "ChessBase"]
[SourceQuality "1"]

{[%evp 13,241,11,14,10,11,11,14,22,18,20,12,0,61,0,0,0,0,0,0,0,16,0,42,0,0,-7,1,-19,0,0,0,-29,-22,-24,-14,-25,0,0,-3,-42,-19,-70,-13,-18,-29,-18,-14,-29,-21,-83,-91,-93,-76,-59,-20,-23,0,0,0,0,0,0,0,0,0,0,154,83,85,151,127,78,21,0,38,0,0,0,0,0,454,454,422,424,405,164,837,823,787,783,914,882,650,1400,1299,1230,1727,1524,4134,1741,7200,7329,7303,7068,6982,946,6964,6978,6499,6268,6017,5813,5798,5787,5785,5787,5787,5785,5778,5737,5729,5722,5673,5662,5647,5643,5610,5587,5299,0,5312,5218,5193,5193,5108,5125,5117,5112,3505,1102,5124,5117,5117,5118,5117,5117,5117,5117,5108,916,5101,5063,4692,4582,3697,2689,2610,2430,1047,598,617,598,598,598,598,598,598,0,598,0,598,598,598,598,598,598,598,0,598,0,598,598,598,598,598,135,598,598,583,168,598,583,584,583,582,481,351,491,325,78,77,63,70,0,77,70,70,63,187,70,70,70,204,129,70,70,70,70,70,70,70,70,70,70,70,70,75,0,0,0]} 1. d4 e6 2. c4 Bb4+ 3. Nd2 c5 4. a3 Bxd2+ 5. Qxd2 cxd4 6. Nf3 Nf6 7. g3 b6 {LiveBook: 36 Games} 8. b4 {E00: Catalan Bogo-Indian (3 g3 Bb4+)} Bb7 9. Qxd4 Nc6 10. Qf4 d6 $146 ({Predecessor:} 10... a5 11. b5 Ne7 12. Bb2 Ng6 13. Qe3 d6 14. Bg2 O-O 15. O-O e5 {½-½ (32) Riazantsev,A (2671)-Eljanov,P (2759) Sharjah 2017}) 11. Bb2 e5 12. Qd2 a5 (12... e4 $11 13. Nh4 Ne5) 13. b5 (13. Bg2 $1 $14) 13... Ne7 $11 14. Bg2 Qc7 15. O-O O-O 16. Rac1 h6 (16... Ne4 $5 {[%cal Re4d2]} 17. Qc2 Nc5 $11) 17. Ne1 {next Bxb7 is good for White.} Ne4 {[%cal Bf6e4,Be4g5,Bg5e6,Be6c5][%mdl 32]} 18. Qc2 (18. Bxe4 $5 Bxe4 19. Ng2 $11) 18... f5 19. Nd3 Ng5 20. f3 f4 21. gxf4 exf4 22. Qc3 {[%csl Gb2][%cal Rc3g7]} (22. h4 {feels hotter.} Ne6 23. Bh3 Nf5 24. Nf2 Qc5 25. Rfd1) 22... Ng6 23. Qe1 Rae8 24. Kh1 (24. Qf2 $5 {[%cal Rb2d4]}) 24... Ne6 25. Qf2 Nc5 26. Rg1 Rf7 27. Rcd1 ({White should try} 27. Nxc5 $11 dxc5 28. Bh3) 27... Qe7 (27... Nxd3 $15 28. exd3 Qc5) 28. Bf1 Kh7 29. Qd4 (29. Qg2 Nh4 $17) 29... Nh4 {White should prevent ...Nf5.} 30. Nxc5 dxc5 31. Qd6 (31. Qd3+ $11 {keeps the balance.} Kg8 32. Rd2) 31... Qe3 $1 $17 32. Qd3+ (32. Qxb6 $6 Bxf3+ 33. exf3 Qxf3+ 34. Bg2 Nxg2 $11) 32... Qxd3 33. Rxd3 g5 34. Rd6 Bc8 (34... Nf5 $5 {[%cal Rf5d6]} 35. Rxb6 Ne3 $17) 35. Rxb6 Be6 36. Rc6 Bxc4 37. e4 Bxf1 $1 38. Rxf1 Rd7 39. Rxc5 Rd2 $2 (39... Rd3 $11) 40. Bc3 $16 Rd3 41. b6 (41. Bxa5 Rxa3 42. Bc3 Rb3 $11) (41. Rc4 $142) 41... Rb8 42. Rc7+ (42. Bxa5 $6 Rxa3 43. Rb5 Rb7 $11) 42... Kg6 43. Rb1 Kh5 {And now ...Rxb6! would win.} (43... Rbd8 $5 {[%cal Rd3d1]} 44. Rf1 Kh5 $16) 44. Bxa5 Rxa3 45. Bc3 $36 {[%mdl 2048] Black is under pressure.} Rd8 46. Be1 {Threatens to win with b7.} Rxf3 $2 {[%mdl 8192]} (46... Ra2 $1 $11 47. Ra7 (47. Bxh4 Rdd2 $11) 47... Re2 48. Bxh4 Rdd2) 47. Bxh4 $18 Kxh4 $11 {[%mdl 4096] Endgame KRR-KRR} 48. b7 {Black must now prevent Rc8.} Rf2 {Strongly threatening ...Rdd2.} 49. Rh7 (49. Rc8 Rdd2 $11) (49. b8=Q $142 Rxb8 50. Rxb8) 49... h5 $2 (49... Rb8 50. Rxh6+ Kg4) 50. b8=Q $18 Rxb8 51. Rxb8 f3 52. Kg1 Rg2+ 53. Kf1 Kg4 54. Rf8 Rxh2 55. Rhf7 Re2 56. Rxf3 Rxe4 57. Rf2 Re5 58. Rg2+ Kh3 59. Rf3+ Kh4 60. Re2 Ra5 61. Kg2 g4 62. Rfe3 Ra4 63. Re1 Ra2+ 64. R3e2 Ra5 65. Re5 {[%cal Re1h1]} Ra2+ 66. R1e2 Ra3 67. Rf5 Ra4 68. Rb2 Ra3 69. Rbb5 {[%csl Gb5][%cal Rf5h5]} Ra2+ 70. Rf2 Ra3 71. Rff5 {[%csl Gb5][%cal Rf5h5]} Ra2+ 72. Kf1 Ra1+ 73. Ke2 Ra2+ 74. Kd3 Ra3+ 75. Kd4 Ra4+ 76. Kc3 g3 77. Rxh5+ Kg4 78. Rbg5+ Kf3 79. Rg8 Kg2 80. Rhg5 Ra3+ 81. Kd2 Kh2 82. Ke2 Rb3 83. R5g6 Ra3 84. R6g7 Rb3 85. Rg5 Ra3 86. R5g6 Rb3 87. Re6 g2 88. Rh6+ Kg1 89. Rhg6 Kh1 90. Rh6+ ({Stronger than} 90. Rxg2 Rb2+ 91. Ke3 Rxg2 $11) 90... Kg1 91. Re6 $2 ({Better is} 91. Rd6 $18) 91... Kh1 $2 {[%mdl 8192]} (91... Kh2 $1 $11 {and Black is okay.}) 92. Rh8+ Kg1 93. Rd6 {[%cal Rd6d1]} Rb2+ 94. Kf3 {[%cal Rd6d1]} Rb3+ 95. Ke2 {[%cal Rd6d1]} Rb2+ 96. Kf3 {[%cal Rd6d1]} Rb3+ 97. Ke4 Rb4+ 98. Kd3 $1 Rb2 99. Ra6 $2 (99. Rg8 $18 {and White stays clearly on top.} Ra2 100. Rdg6) 99... Kf2 $2 {[%mdl 8192]} (99... Rb3+ $16 100. Ke2 Rb2+ 101. Kd3 Rb3+ 102. Ke2 Rb2+ 103. Kd1 Rf2) 100. Rf8+ Kg3 101. Ra1 $2 (101. Kc3 Re2 102. Rg6+ Kh2 103. Rh8+ Kg1 104. Ra8) 101... Kh2 $2 (101... Rb3+ {is more resistant.} 102. Kd2 Rf3 103. Rg8+ Kh2) 102. Rh8+ Kg3 103. Rg8+ ({Weaker is} 103. Kc3 Rf2 $18) 103... Kh2 104. Rg5 ({Less strong is} 104. Kc3 Rf2 $18) 104... Rb3+ 105. Kd4 Rb2 106. Re1 $2 (106. Kc4 $18 {is more deadly.}) 106... Ra2 107. Rh5+ Kg3 108. Rg5+ Kh2 $1 109. Rg6 Ra4+ 110. Kc5 (110. Kd5 $5 {[%cal Re1e2]} Ra5+ 111. Kd4 Ra4+ 112. Kc5 $16) 110... Ra5+ (110... Ra3 $14) 111. Kc4 (111. Kb4 $1 $18 {[%cal Rb4a5]} Ra2 112. Re8) 111... Ra2 112. Rb1 {Rh6+ is the strong threat.} Rc2+ {[#]} ({Black should play} 112... Ra4+ $14 113. Kd3 Ra3+ 114. Ke2 Ra2+ 115. Kf3 Ra3+ 116. Ke2 Ra2+ 117. Ke3 Ra3+ 118. Kf2 Ra2+ 119. Ke3 Ra3+ 120. Kf2 Ra2+ 121. Ke3) 113. Kd4 $1 Ra2 (113... Rd2+ $16 114. Ke4 Ra2 115. Rh6+ Kg3 116. Rb3+ Kf2 117. Rf6+ Kg1 118. Rb1+ Kh2 119. Rh6+ Kg3 120. Rg6+ Kh2 121. Rh6+) 114. Rh6+ $14 Kg3 115. Rb3+ Kf2 $1 116. Rf6+ Kg1 $1 117. Ke3 {aiming for Rg6.} Kh2 $1 118. Rh6+ Kg3 119. Rg6+ Kh2 {[#]} 120. Kf3 (120. Rb1 $1 $16) 120... Rf2+ $1 $11 121. Kxf2 {Precision: White = 63%, Black = 52%.} 1/2-1/2

[Event "45. Sparkassen Chess-Meeting"]
[Site "Dortmund"]
[Date "2017.07.21"]
[Round "5"]
[White "Kramnik, Vladimir"]
[Black "Vachier-Lagrave, Maxime"]
[Result "1/2-1/2"]
[WhiteElo "2812"]
[BlackElo "2791"]
[Annotator "TA"]
[PlyCount "115"]
[EventDate "2017.??.??"]
[EventType "tourn"]
[EventCountry "GER"]
[SourceTitle "playchess.com"]
[Source "ChessBase"]
[SourceQuality "1"]

{[%evp 12,115,13,2,17,15,-2,-3,-10,-13,-8,-4,-8,-6,-5,-16,-7,-13,0,0,-11,0,-8,-11,7,-45,-32,-73,-65,-83,-76,-91,-89,-79,-72,-76,-76,-76,-74,-72,-45,-39,0,0,0,0,0,0,0,0,0,0,0,0,0,0,0,0,0,0,0,-16,0,-1,-1,-11,-22,-26,-26,-26,-26,-26,-26,-26,-28,-39,-8,-8,-8,-8,-8,-8,-8,-8,-8,-8,-8,-8,-8,-8,-8,-8,-8,-8,-8,-8,-8,-8,-8,-8,-8,-8,0,-8,0,-8]} 1. d4 Nf6 2. Nf3 g6 3. g3 Bg7 4. Bg2 O-O 5. O-O d5 6. c3 {[%cal Bc2c3,Bc3c4][%mdl 32]} a5 {[%cal Ba7a5,Ba5a4][%mdl 32] D02: 1 d4 d5 2 Nf3 sidelines, including 2...Nf6 3 g3 and 2...Nf6 3 Bf4} (6... c6 7. Bf4 Bf5 8. Nbd2 Nbd7 9. Nh4 Be6 10. Nhf3 Bf5 11. Re1 Qb6 12. Qb3 Ne4 13. Nh4 Nxd2 14. Bxd2 Be6 15. Nf3 Bf5 16. Nh4 Be6 17. Nf3 Bf5 {½-½ (17) Mamedyarov,S (2768)-Nepomniachtchi,I (2767) Doha 2016}) 7. Bf4 {LiveBook: 3 Games} Bf5 $146 (7... c5 $5) ({Predecessor:} 7... a4 8. Na3 Nh5 9. Be3 Nc6 10. Qc1 Bf5 11. Bh6 Be4 12. Bxg7 Nxg7 13. Rd1 f5 14. Qh6 Bxf3 15. Bxf3 {0-1 (32) Zarkua,D (2409)-Adhiban,B (2624) Konya 2014}) 8. Qb3 Qc8 9. Rc1 a4 10. Qa3 Re8 11. c4 Nc6 12. Nbd2 e6 13. b4 axb3 14. Qxb3 Ne4 15. cxd5 exd5 ({Avoid the trap} 15... Nxd4 $2 16. Nxd4 Nxd2 17. Qb4 $18 (17. Bxd2 Bxd4 18. Bc3 Bxc3 $14)) 16. e3 h6 17. h4 Ra5 18. Nf1 (18. a4 $11) 18... Be6 $15 19. Rab1 Ra7 20. a4 Qd8 21. N3d2 Nxd2 22. Nxd2 g5 23. hxg5 hxg5 24. Bxc7 Qxc7 25. Bxd5 Bxd5 26. Qxd5 Rxe3 27. fxe3 Qxg3+ 28. Qg2 Qxe3+ 29. Kh1 g4 ({Much weaker is} 29... Bxd4 30. Re1 $14) 30. d5 Ne5 {[#] Threatens to win with ...Ra6.} 31. Rc8+ Kh7 32. Qe4+ Qxe4+ 33. Nxe4 {aiming for Nc5.} Rxa4 34. Nc3 Rd4 35. Rd1 Nd3 {...Nf2+ is the strong threat.} 36. Kg1 {[#]} b5 $1 {[%mdl 512]} 37. Nxb5 Rxd5 38. Nc3 Bd4+ 39. Kh2 Rh5+ 40. Kg2 Nf4+ 41. Kg3 Be5 {Strongly threatening ...f5.} 42. Ne4 Kg6 43. Rg8+ Kf5 44. Nd6+ {The position is equal.} Bxd6 45. Rxd6 $11 {[%mdl 4096] Endgame KRR-KRN} Rh3+ 46. Kf2 Rf3+ 47. Kg1 $1 g3 48. Rd2 $1 Ra3 {( -> ...Ra1+)} 49. Rd1 Ra2 {Hoping for ...Rg2+.} 50. Rxg3 Ne2+ 51. Kf2 Nc3+ 52. Ke1 Nxd1 53. Kxd1 {KR-KR} Kf4 54. Rb3 f5 55. Ke1 Ra1+ 56. Kf2 Ra2+ 57. Kf1 Ra1+ 58. Kf2 {Precision: White = 68%, Black = 68%.} 1/2-1/2